DFB Pokal Achtelfinale 2025/26 - Statistiken

Allgemein
  • Dieses Quiz wurde 35 mal gespielt
  • Das Durchschnittsergebnis liegt bei 9 aus 16
Antwortstatistiken
Liga Verein Gegner % Korrekt
1. 1. FC Union Berlin FC Bayern München
93%
1. Bayer 04 Leverkusen Borussia 09 Dortmund
81%
1. FC Bayern München 1. FC Union Berlin
81%
1. Borussia 09 Dortmund Bayer 04 Leverkusen
78%
1. Borussia Mönchengladbach FC St. Pauli
63%
1. FC St. Pauli Borussia Mönchengladbach
63%
1. RB Leipzig 1. FC Magdeburg
59%
2. 1. FC Magdeburg RB Leipzig
56%
2. Holstein Kiel Hamburger SV
52%
1. Hamburger SV Holstein Kiel
48%
1. SC Freiburg SV Darmstadt 98
48%
2. 1. FC Kaiserslautern Hertha BSC
44%
2. SV Darmstadt 98 SC Freiburg
44%
1. VfB Stuttgart VfL Bochum
44%
2. Hertha BSC 1. FC Kaiserslautern
41%
2. VfL Bochum 1846 VfB Stuttgart
37%
Keine übereinstimmenden Quizze gefunden
Verteilung der Resultate
Anzahl Personen mit jedem Resultat
Perzentil nach korrekt beantworteten Fragen
Ihre Resultats-Entwicklung
Sie haben dieses Quiz noch nicht gespielt